000 003300000a22001330004500
005 20120302062800.0
942 _cBOOK
100 _a
_a
_b
_c
245 _a JAYANTAYAN
260 _aMUMBAI : JYOTIRBHASKAR J.SALGAONKAR AMRUT MAHOTSAV SAMITI
300 _a215 P.
040 _aMAR
650 _aSANKIRNA / VYAKTI / JAYANT SALGAONKAR
999 _c357652
_d357649